• 首页
  • 本馆介绍
  • 公告通知
  • 最新文献
  • 馆藏检索
  • 电子资源
  • 读者导购
  • 参考咨询
  • 我的图书馆
  • 登录
  • 详细信息显示
  • 放入我的书架
  • 预约/预借图书
  • 作者相关作品
  • 分类相关作品
  • 丛书相关作品
  • 出版社相关作品

书目信息

  • 表格格式
  • 工作单格式
  • 卡片格式
题名:
走向世界的中国跨国公司
    
 
作者: 王志乐 主编
分册:  
出版信息: 北京   中国商业出版社  2004.05
页数: 409页, [8]页图版
开本: 24cm
丛书名:
单 册:
中图分类: F279.247
科图分类:
主题词: 跨国公司--kua guo gong si--研究--中国
电子资源:
ISBN: 7-5044-5102-9
000 00862nam0 2200253 450
001 0104000024
005 20051124115123.1
010    @a7-5044-5102-9@dCNY58.00
100    @a20081124d2004 ekmy0chiy0120 ea
101 0  @achi
102    @aCN@b110000
105    @aafk z 000yy
106    @ar
200 1  @a走向世界的中国跨国公司@AZou Xiang Shi Jie De Zhong Guo Kua Guo Gong Si@f王志乐主编@Fwang zhi yue zhu bian
210    @a北京@c中国商业出版社@d2004.05
215    @a409页, [8]页图版@c图@d24cm
300    @a国家自然科学基金项目
330    @a本书展现正在成长的中国跨国公司的风采, 也是为了探讨中国跨国公司的特点和发展规律, 促进中国跨国公司的发展。
606 0  @a跨国公司@Akua guo gong si@x研究@y中国
690    @aF279.247@v4
701  0 @a王志乐@AWang Zhi Le@4主编
801  0 @aCN@bHTDF@c20081124
905    @aBZT@dF279.247@e2@f10
906    @dCNY58.00@n0@r1
    
    走向世界的中国跨国公司/王志乐主编.-北京:中国商业出版社,2004.05
    409页, [8]页图版:图;24cm
    国家自然科学基金项目
    
    ISBN 7-5044-5102-9:CNY58.00
    本书展现正在成长的中国跨国公司的风采, 也是为了探讨中国跨国公司的特点和发展规律, 促进中国跨国公司的发展。
●
相关链接 在五车中查询图书 在当当中查询图书 在豆瓣中查询图书


正题名:走向世界的中国跨国公司     索取号:F279.247/2         预约/预借

序号 登录号 条形码 馆藏地/架位号 状态 备注
1 715522   2000715522   中心书库北库/ 北库015架B面4列6层10/ [索取号:F279.247/2] 在馆    
2 715523   2000715523   中心书库北库/ 北库015架B面4列6层3/ [索取号:F279.247/2] 在馆    
3 715524   2000715524   中心书库北库/ 北库015架B面4列6层2/ [索取号:F279.247/2] 在馆    
4 715525   2000715525   中心书库北库/ 北库015架B面4列6层1/ [索取号:F279.247/2] 在馆    
5 715526   2000715526   中心书库北库/ 北库015架B面4列6层7/ [索取号:F279.247/2] 在馆    
6 715527   2000715527   中心书库北库/ 北库015架B面4列6层9/ [索取号:F279.247/2] 在馆    
7 715528   2000715528   中心书库北库/ 北库015架B面4列6层8/ [索取号:F279.247/2] 在馆    
8 715529   2000715529   中心书库北库/ 北库015架B面4列6层6/ [索取号:F279.247/2] 在馆    
9 715530   2000715530   中心书库北库/ 北库015架B面4列6层5/ [索取号:F279.247/2] 在馆    
10 715531   2000715531   中心书库北库/ 北库015架B面4列6层4/ [索取号:F279.247/2] 在馆    
山东省滨州职业学院图书馆 欢迎您!
大连网信软件有限公司© 版权所有